Electromagnetic principles of integrated optics / (Record no. 181114)

000 -LEADER
fixed length control field 00905 a2200205 4500
003 - CONTROL NUMBER IDENTIFIER
control field Nust
005 - DATE AND TIME OF LATEST TRANSACTION
control field 20221117094001.0
010 ## - LIBRARY OF CONGRESS CONTROL NUMBER
LC control number 86004042
020 ## - INTERNATIONAL STANDARD BOOK NUMBER
International Standard Book Number 0471879789
040 ## - CATALOGING SOURCE
Transcribing agency Nust
082 00 - DEWEY DECIMAL CLASSIFICATION NUMBER
Classification number 621.3693,LEE
100 1# - MAIN ENTRY--PERSONAL NAME
Personal name Lee, Donald L.
9 (RLIN) 70564
245 10 - TITLE STATEMENT
Title Electromagnetic principles of integrated optics /
Statement of responsibility, etc. Donald L. Lee.
260 ## - PUBLICATION, DISTRIBUTION, ETC.
Place of publication, distribution, etc. New York :
Name of publisher, distributor, etc. Wiley,
Date of publication, distribution, etc. c1986.
300 ## - PHYSICAL DESCRIPTION
Extent xv, 331 p. :
Other physical details ill. ;
Dimensions 24 cm.
505 ## - FORMATTED CONTENTS NOTE
Formatted contents note Introduction (Page-1), Basic Electromagnetic Theory (Page-13), Reflection and Transmission at a Dielectric Interface (Page-51), The Slab Dielectric Waveguide (Page-77), Practical Waveguiding Geometries (Page-113), The Prism Coupler (Page-147), Waveguide Fabrication (Page-171), Mode Coupling (Page-209), Bragg Scattering (Page-247), Optical Fibers (Page-275).
650 #0 - SUBJECT ADDED ENTRY--TOPICAL TERM
Topical term or geographic name entry element Electromagnetic theory.
9 (RLIN) 10270
650 #0 - SUBJECT ADDED ENTRY--TOPICAL TERM
Topical term or geographic name entry element Integrated optics.
9 (RLIN) 66160
942 ## - ADDED ENTRY ELEMENTS (KOHA)
Source of classification or shelving scheme
Koha item type Book
Holdings
Withdrawn status Lost status Source of classification or shelving scheme Damaged status Not for loan Permanent Location Current Location Shelving location Date acquired Full call number Barcode Date last seen Price effective from Koha item type Public note
          Military College of Signals (MCS) Military College of Signals (MCS) General Stacks 12/12/2016 621.3693,LEE MCS6088 12/08/2016 12/12/2016 Book Almirah No.30, Shelf No.4
© 2023 Central Library, National University of Sciences and Technology. All Rights Reserved.